Normal view MARC view

Entry Personal Name

Number of records used in: 1

001 - CONTROL NUMBER

  • control field: 12507

003 - CONTROL NUMBER IDENTIFIER

  • control field: OSt

005 - DATE AND TIME OF LATEST TRANSACTION

  • control field: 20180301191916.0

008 - FIXED-LENGTH DATA ELEMENTS

  • fixed length control field: 180301|| aca||aabn | a|a d

040 ## - CATALOGING SOURCE

  • Original cataloging agency: OSt
  • Transcribing agency: OSt

100 ## - HEADING--PERSONAL NAME

  • Personal name: Edited by Que, Lawrence Jr;

670 ## - SOURCE DATA FOUND

  • Source citation: Work cat.: (OSt): Edited by Que, Lawrence Jr;, Physical Methods in Bioinorganic Chemistry:, 2000.